[Event "Pozarevac Rudar IM 01"]
[Site "Pozarevac"]
[Date "2024.01.28"]
[Round "6.1"]
[White "Unat, Can Haktan"]
[Black "Ilincic, Aleksa"]
[Result "1-0"]
[WhiteElo "2267"]
[BlackElo "2219"]
[PlyCount "81"]
[EventDate "2024.01.24"]
[EventType "tourn"]
[EventRounds "9"]
[EventCountry "SRB"]
[SourceTitle "CB06_2024"]
[SourceDate "2024.02.07"]
[SourceVersion "1"]
[SourceVersionDate "2024.02.07"]
[SourceQuality "1"]
[WhiteTeam "Team D"]
[BlackTeam "Team C"]
[WhiteTeamCountry "SRB"]
[BlackTeamCountry "SRB"]

1. e4 c6 2. d4 d5 3. f3 Qb6 4. c3 e6 5. Bd3 c5 6. Ne2 dxe4 7. fxe4 Nc6 8. Na3 cxd4 9. Nc4 Qd8 10. cxd4 Bb4+ 11. Bd2 Bxd2+ 12. Qxd2 Nge7 13. Qe3 b5 14. Nd2 Qb6 15. Qg5 0-0 16. Bxb5 e5 17. a4 Nxd4 18. Nc4 Qe6 19. Nxd4 exd4 20. Nd2 h6 21. Qc5 Qf6 22. Rf1 Qh4+ 23. g3 Qxh2 24. 0-0-0 Bg4 25. Qxe7 Bxd1 26. Rxd1 Qxg3 27. Bc4 Rac8 28. Kb1 Rc7 29. Qb4 Rfc8 30. Ka2 Qe5 31. Bd5 Rc2 32. Nf3 Qb8 33. Rxd4 Qg3 34. e5 Qf2 35. e6 Rxb2+ 36. Qxb2 Rc2 37. exf7+ Kf8 38. Rb4 Rxb2+ 39. Rxb2 Qg3 40. Nh4 Ke7 41. Nf5+ 1-0

[Event "SRB-chT 2nd League"]
[Site "Novi Sad"]
[Date "2023.11.04"]
[Round "4.5"]
[White "Ilincic, Aleksa"]
[Black "Bulajic, Ratko"]
[Result "1-0"]
[WhiteElo "2235"]
[BlackElo "2075"]
[PlyCount "101"]
[EventDate "2023.11.02"]
[EventType "team-tourn"]
[EventRounds "11"]
[EventCountry "SRB"]
[SourceTitle "CB46_2023"]
[SourceDate "2023.11.15"]
[SourceVersion "1"]
[SourceVersionDate "2023.11.15"]
[SourceQuality "1"]
[WhiteTeam "Novi Sad Vojvodina"]
[BlackTeam "Sombor"]
[WhiteTeamCountry "SRB"]
[BlackTeamCountry "SRB"]

1. e4 c5 2. c3 d6 3. d4 Nf6 4. dxc5 Nc6 5. Qd3 dxc5 6. Qxd8+ Nxd8 7. f3 Nc6 8. Be3 b6 9. a4 Bb7 10. Na3 Nd7 11. Nc4 Nde5 12. Nxe5 Nxe5 13. a5 0-0-0 14. Rd1 Rxd1+ 15. Kxd1 e6 16. Kc2 Be7 17. Nh3 h6 18. Nf2 g5 19. axb6 axb6 20. Bb5 Bd6 21. h4 Rg8 22. hxg5 hxg5 23. Rh7 Bc7 24. Nd3 Nxd3 25. Kxd3 Rd8+ 26. Ke2 f6 27. Rf7 Be5 28. Bc4 Re8 29. Bb5 Rd8 30. Re7 Rd6 31. Bc4 Bc6 32. Rxe6 Kd7 33. Rxd6+ Kxd6 34. Kf2 Bf4 35. g3 Bxe3+ 36. Kxe3 Ke5 37. f4+ gxf4+ 38. gxf4+ Kd6 39. Bd3 Be8 40. Kf3 Bh5+ 41. Kg3 Bd1 42. Kf2 Bh5 43. Be2 Bg6 44. Bf3 Be8 45. Kg3 Ke6 46. Kh4 Bc6 47. Kh5 Kf7 48. Kh6 f5 49. Bh5+ Ke6 50. e5 Be4 51. Kh7 1-0

[Event "SRB-chT 2nd League"]
[Site "Novi Sad"]
[Date "2023.11.03"]
[Round "2.5"]
[White "Ilincic, Aleksa"]
[Black "Radlovacki, Jovan"]
[Result "1-0"]
[WhiteElo "2235"]
[BlackElo "2268"]
[PlyCount "93"]
[EventDate "2023.11.02"]
[EventType "team-tourn"]
[EventRounds "11"]
[EventCountry "SRB"]
[SourceTitle "CB46_2023"]
[SourceDate "2023.11.15"]
[SourceVersion "1"]
[SourceVersionDate "2023.11.15"]
[SourceQuality "1"]
[WhiteTeam "Novi Sad Vojvodina"]
[BlackTeam "Dec"]
[WhiteTeamCountry "SRB"]
[BlackTeamCountry "SRB"]

1. e4 c6 2. d4 d5 3. Nd2 g6 4. c3 Bg7 5. a4 Nh6 6. Ngf3 0-0 7. Bd3 f6 8. 0-0 Nf7 9. Re1 e6 10. Qc2 Na6 11. b4 Nc7 12. Nb3 e5 13. dxe5 fxe5 14. Be3 Qf6 15. Bf1 Rd8 16. b5 cxb5 17. axb5 b6 18. exd5 Nxd5 19. Rad1 Bb7 20. Nbd2 Rac8 21. Ne4 Qf5 22. Qa4 Ra8 23. Nh4 Qc8 24. Bc1 Nf6 25. Rxd8+ Qxd8 26. Ng5 Nxg5 27. Bxg5 Qe8 28. Bc4+ Kh8 29. Qb3 Ne4 30. Be3 Rc8 31. Bf7 Qe7 32. Nf3 Rxc3 33. Qa2 Rc7 34. Bb3 Rc3 35. Qxa7 Rxb3 36. Qb8+ Bf8 37. Bh6 Rxf3 38. gxf3 Ng5 39. Bxf8 Nxf3+ 40. Kf1 Nxh2+ 41. Ke2 Bf3+ 42. Kd3 Qb7 43. Qxe5+ Kg8 44. Bd6 Qf7 45. Qe8+ Qxe8 46. Rxe8+ Kf7 47. Re3 1-0

[Event "Belgrade Gligoric 100 Ann op"]
[Site "Belgrade"]
[Date "2023.02.05"]
[Round "8"]
[White "Cabrilo, Goran"]
[Black "Ilincic, Aleksa"]
[Result "1-0"]
[WhiteElo "2315"]
[BlackElo "2239"]
[PlyCount "55"]
[EventDate "2023.02.05"]
[EventType "swiss (blitz)"]
[EventRounds "11"]
[EventCountry "SRB"]
[SourceTitle "EXT 2024"]
[Source "ChessBase"]
[SourceDate "2023.10.10"]
[SourceVersion "1"]
[SourceVersionDate "2023.10.10"]
[SourceQuality "1"]

1. Nf3 Nf6 2. g3 g6 3. b3 Bg7 4. Bb2 0-0 5. Bg2 c5 6. c4 Nc6 7. 0-0 d6 8. d3 e5 9. Nc3 h6 10. Nd2 Bd7 11. e3 Rb8 12. Qe2 a6 13. Nde4 Ne8 14. Nd5 Be6 15. f4 exf4 16. Bxg7 Kxg7 17. Qb2+ f6 18. Nxf4 Bf5 19. d4 Qe7 20. Nd5 Qd8 21. dxc5 dxc5 22. Nxc5 Ne5 23. Rad1 Qa5 24. Ne4 Bxe4 25. Bxe4 Nd6 26. Rxf6 Rxf6 27. Qxe5 Nxe4 28. Qxb8 1-0

[Event "Belgrade Gligoric 100 Ann op"]
[Site "Belgrade"]
[Date "2023.02.05"]
[Round "7"]
[White "Ilincic, Aleksa"]
[Black "Petrovic, Aleksa"]
[Result "0-1"]
[WhiteElo "2239"]
[BlackElo "2247"]
[PlyCount "92"]
[EventDate "2023.02.05"]
[EventType "swiss (blitz)"]
[EventRounds "11"]
[EventCountry "SRB"]
[SourceTitle "EXT 2024"]
[Source "ChessBase"]
[SourceDate "2023.10.10"]
[SourceVersion "1"]
[SourceVersionDate "2023.10.10"]
[SourceQuality "1"]

1. e4 d5 2. exd5 Qxd5 3. Nc3 Qe5+ 4. Be2 Bg4 5. d4 Bxe2 6. Ngxe2 Qa5 7. 0-0 Nf6 8. b4 Qf5 9. Ng3 Qd7 10. b5 e6 11. a4 Be7 12. Nce4 0-0 13. Nc5 Qc8 14. Qf3 c6 15. Ba3 b6 16. Nxe6 Bxa3 17. Nxf8 Bxf8 18. Nf5 a6 19. c4 Ra7 20. Rfe1 g6 21. Nh6+ Bxh6 22. Qxf6 Bg7 23. Qd6 Rd7 24. Qg3 Rxd4 25. Rad1 Rxd1 26. Rxd1 axb5 27. cxb5 cxb5 28. axb5 Nd7 29. Qd6 Ne5 30. Qd8+ Qxd8 31. Rxd8+ Bf8 32. Rb8 Nc4 33. Kf1 Kg7 34. Ke2 Bc5 35. Ra8 Nd6 36. Kd3 Nxb5 37. f3 Nc7 38. Rc8 Nd5 39. g3 Ne7 40. Rc7 Nf5 41. Ke4 h5 42. Ra7 b5 43. Ra5 Bb6 44. Ra6 Bc7 45. Rc6 Bd8 46. Rc8 Nd6+ 0-1

[Event "Vojvodina-chT 21st"]
[Site "Backa Palanka"]
[Date "2021.10.30"]
[Round "11.5"]
[White "Ilincic, Aleksa"]
[Black "Parkajic, Branislav"]
[Result "1-0"]
[WhiteElo "2216"]
[BlackElo "2084"]
[PlyCount "95"]
[EventDate "2021.10.23"]
[EventType "team-tourn"]
[EventRounds "11"]
[EventCountry "SRB"]
[SourceTitle "EXT 2023"]
[Source "ChessBase"]
[SourceDate "2022.10.05"]
[SourceVersion "1"]
[SourceVersionDate "2022.10.05"]
[SourceQuality "1"]
[WhiteTeam "Novi Sad Vojvodina"]
[BlackTeam "Petrovaradin Kraljica"]
[WhiteTeamCountry "SRB"]
[BlackTeamCountry "SRB"]

1. e4 c5 2. c3 Nf6 3. e5 Nd5 4. Nf3 Nc6 5. d4 cxd4 6. cxd4 d6 7. Bc4 Nb6 8. Bb5 dxe5 9. Nxe5 Bd7 10. Nxd7 Qxd7 11. Nc3 e6 12. Qg4 h5 13. Qf3 a6 14. Bxc6 Qxc6 15. Qxc6+ bxc6 16. Ke2 Kd7 17. Be3 Nd5 18. Na4 Bd6 19. Rac1 Rhb8 20. Bd2 a5 21. b3 f6 22. Rc2 Ra6 23. h4 Rb5 24. f3 Ra8 25. g4 Rh8 26. Nc5+ Bxc5 27. Rxc5 Rxc5 28. dxc5 hxg4 29. fxg4 Ra8 30. g5 a4 31. b4 Rb8 32. a3 e5 33. gxf6 gxf6 34. h5 Rh8 35. h6 Rh7 36. Rg1 Ke6 37. Rg8 e4 38. Rc8 f5 39. Rxc6+ Ke5 40. b5 f4 41. b6 f3+ 42. Kf2 Kd4 43. Re6 Kxc5 44. Rxe4 Nxb6 45. Be3+ Kd5 46. Kxf3 Nd7 47. Rxa4 Ne5+ 48. Kg3 1-0

[Event "Vojvodina-chT 21st"]
[Site "Backa Palanka"]
[Date "2021.10.29"]
[Round "10.5"]
[White "Kosanovic, Dragan"]
[Black "Ilincic, Aleksa"]
[Result "1/2-1/2"]
[WhiteElo "2277"]
[BlackElo "2216"]
[PlyCount "78"]
[EventDate "2021.10.23"]
[EventType "team-tourn"]
[EventRounds "11"]
[EventCountry "SRB"]
[SourceTitle "CBM 204 Extra"]
[Source "ChessBase"]
[SourceDate "2021.11.30"]
[SourceVersion "1"]
[SourceVersionDate "2021.11.30"]
[SourceQuality "1"]
[WhiteTeam "Opovo Bata Cosic"]
[BlackTeam "Novi Sad Vojvodina"]
[WhiteTeamCountry "SRB"]
[BlackTeamCountry "SRB"]

1. d4 Nf6 2. c4 c5 3. e3 g6 4. Nc3 Bg7 5. Nf3 0-0 6. Be2 d6 7. 0-0 Nc6 8. d5 Nb4 9. e4 e5 10. a3 Na6 11. Ne1 Nd7 12. Nd3 Qe7 13. f3 f5 14. g4 f4 15. Bd2 Bf6 16. Be1 Bh4 17. Bxh4 Qxh4 18. Qe1 Qe7 19. h4 Nf6 20. Rf2 Nc7 21. b4 b6 22. Bd1 Bd7 23. Rb1 Nce8 24. Rfb2 Rc8 25. b5 Ng7 26. Rh2 Kf7 27. a4 Ke8 28. a5 Rb8 29. Ra1 Rb7 30. axb6 axb6 31. Ra6 Kf7 32. Rha2 Rfb8 33. Qf2 Nge8 34. Qh2 Nc7 35. R6a4 Qe8 36. Kf1 Qe7 37. Nf2 Kg7 38. Be2 Qd8 39. Nd3 Qe7 1/2-1/2

[Event "Vojvodina-chT 21st"]
[Site "Backa Palanka"]
[Date "2021.10.24"]
[Round "3.5"]
[White "Levnajic, Pavle"]
[Black "Ilincic, Aleksa"]
[Result "1/2-1/2"]
[WhiteElo "2195"]
[BlackElo "2216"]
[PlyCount "40"]
[EventDate "2021.10.23"]
[EventType "team-tourn"]
[EventRounds "11"]
[EventCountry "SRB"]
[SourceTitle "CBM 204 Extra"]
[Source "ChessBase"]
[SourceDate "2021.11.30"]
[SourceVersion "1"]
[SourceVersionDate "2021.11.30"]
[SourceQuality "1"]
[WhiteTeam "Krajisnik Krajina"]
[BlackTeam "Novi Sad Vojvodina"]
[WhiteTeamCountry "SRB"]
[BlackTeamCountry "SRB"]

1. Nf3 Nf6 2. g3 g6 3. b3 Bg7 4. Bb2 0-0 5. Bg2 c5 6. c4 d5 7. cxd5 Nxd5 8. Bxg7 Kxg7 9. 0-0 Nc6 10. Qc1 b6 11. d4 Nxd4 12. Nxd4 cxd4 13. Qc4 Be6 14. Qxd4+ Nf6 15. Qb2 Rc8 16. Nd2 Kg8 17. Rfd1 Qc7 18. Rac1 Qb8 19. Ne4 Nxe4 20. Bxe4 Rxc1 1/2-1/2

[Event "SRB-ch sf"]
[Site "Paracin"]
[Date "2021.03.21"]
[Round "8"]
[White "Kandjolas, Konstantin"]
[Black "Ilincic, Aleksa"]
[Result "0-1"]
[WhiteElo "2041"]
[BlackElo "2229"]
[PlyCount "106"]
[EventDate "2021.03.16"]
[EventType "swiss"]
[EventRounds "9"]
[EventCountry "SRB"]
[SourceTitle "CBM 201 Extra"]
[Source "ChessBase"]
[SourceDate "2021.05.31"]
[SourceVersion "1"]
[SourceVersionDate "2021.05.31"]
[SourceQuality "1"]

1. d4 Nf6 2. c4 c5 3. d5 g6 4. Nc3 Bg7 5. g3 0-0 6. Bg2 d6 7. Nf3 e6 8. 0-0 exd5 9. cxd5 Nbd7 10. Nd2 Nh5 11. Nde4 Ndf6 12. a4 Nxe4 13. Nxe4 f5 14. Ng5 Bxb2 15. Bxb2 Qxg5 16. Re1 f4 17. Qd2 Bd7 18. Qc3 Nf6 19. Bc1 Qe5 20. Qxe5 dxe5 21. gxf4 e4 22. Bb2 Nxd5 23. Red1 Bc6 24. Bxe4 Nxf4 25. Bxc6 bxc6 26. Rd7 Rf7 27. Rad1 Nxe2+ 28. Kf1 Nd4 29. Rxf7 Kxf7 30. Bxd4 Rd8 31. Rc1 Rxd4 32. Rxc5 Rd6 33. Ke2 Ke7 34. Ke3 Re6+ 35. Kd4 Kd6 36. Ra5 Re7 37. h4 Rf7 38. Ra6 Rxf2 39. Rxa7 Rf4+ 40. Kc3 Rxh4 41. a5 Kc5 42. a6 Kb6 43. Ra8 Ra4 44. Rh8 Kxa6 45. Rxh7 Kb5 46. Rg7 Rg4 47. Rg8 Rg3+ 48. Kd4 c5+ 49. Kd5 Rd3+ 50. Ke4 Rd4+ 51. Ke5 Kb4 52. Rxg6 Rh4 53. Kd5 c4 0-1

[Event "Vojvodina-chT 2nd League"]
[Site "Backa Palanka"]
[Date "2020.10.20"]
[Round "6.5"]
[White "Gagic, Milan A"]
[Black "Ilincic, Aleksa"]
[Result "1/2-1/2"]
[WhiteElo "2078"]
[BlackElo "2180"]
[PlyCount "96"]
[EventDate "2020.10.16"]
[EventType "team-tourn"]
[EventRounds "11"]
[EventCountry "SRB"]
[SourceTitle "EXT 2022"]
[Source "ChessBase"]
[SourceDate "2021.10.06"]
[SourceVersion "1"]
[SourceVersionDate "2021.10.06"]
[SourceQuality "1"]
[WhiteTeam "Petrovaradin Kraljica"]
[BlackTeam "Novi Sad Vojvodina"]
[WhiteTeamCountry "SRB"]
[BlackTeamCountry "SRB"]

1. e4 c6 2. d4 d5 3. Nc3 dxe4 4. Nxe4 Nf6 5. Nxf6+ exf6 6. c3 Bd6 7. Bd3 0-0 8. Qc2 Re8+ 9. Ne2 h5 10. 0-0 h4 11. h3 Nd7 12. c4 Nf8 13. Be3 Be6 14. Rfd1 Qd7 15. Bf4 Bxf4 16. Nxf4 Qd6 17. Ne2 Rad8 18. Nc3 Qf4 19. d5 cxd5 20. cxd5 Bc8 21. Qd2 Qxd2 22. Rxd2 a6 23. a4 Nd7 24. Rad1 Ne5 25. Bc2 f5 26. Rd4 Ng6 27. Rc4 Rd6 28. Rc7 Nf4 29. Kf1 Red8 30. b4 g6 31. b5 axb5 32. axb5 Bd7 33. Bb3 Rc8 34. Rxc8+ Bxc8 35. Rd4 g5 36. Rc4 Bd7 37. Rc7 g4 38. hxg4 fxg4 39. Rxb7 h3 40. Kg1 hxg2 41. Ne4 Rh6 42. Ng3 Bf5 43. Rb8+ Kh7 44. Re8 Bd3 45. Re7 Kg7 46. b6 Nh3+ 47. Kxg2 Nf4+ 48. Kg1 Nh3+ 1/2-1/2

[Event "Vojvodina op 8th"]
[Site "Novi Sad"]
[Date "2017.07.21"]
[Round "6"]
[White "Ilincic, Aleksa"]
[Black "Dragojlovic, Andjelko"]
[Result "1-0"]
[WhiteElo "2177"]
[BlackElo "2302"]
[PlyCount "41"]
[EventDate "2017.07.16"]
[EventType "swiss"]
[EventRounds "9"]
[EventCountry "SRB"]
[SourceTitle "EXT 2018"]
[Source "ChessBase"]
[SourceDate "2017.10.13"]
[SourceVersion "1"]
[SourceVersionDate "2017.10.13"]
[SourceQuality "1"]

1. d4 g6 2. Nf3 Bg7 3. c4 c5 4. d5 f5 5. e4 fxe4 6. Ng5 e3 7. Bxe3 d6 8. Nc3 Bxc3+ 9. bxc3 Qa5 10. Rc1 Nf6 11. Bd3 Nbd7 12. f4 Nf8 13. 0-0 h6 14. Ne6 Nxe6 15. Bxg6+ Kd8 16. dxe6 Bxe6 17. Bf2 Rg8 18. f5 Bxc4 19. Re1 Kd7 20. Bg3 Raf8 21. Rxe7+ 1-0

[Event "Vojvodina op 8th"]
[Site "Novi Sad"]
[Date "2017.07.18"]
[Round "3"]
[White "Ilincic, Aleksa"]
[Black "Ozen, Bahadir"]
[Result "1/2-1/2"]
[WhiteElo "2177"]
[BlackElo "2315"]
[PlyCount "53"]
[EventDate "2017.07.16"]
[EventType "swiss"]
[EventRounds "9"]
[EventCountry "SRB"]
[SourceTitle "EXT 2018"]
[Source "ChessBase"]
[SourceDate "2017.10.13"]
[SourceVersion "1"]
[SourceVersionDate "2017.10.13"]
[SourceQuality "1"]

1. d4 g6 2. Nf3 Bg7 3. c4 d6 4. Nc3 Nd7 5. e4 e5 6. Be2 Ngf6 7. d5 Nc5 8. Qc2 0-0 9. g3 c6 10. Nh4 cxd5 11. cxd5 Bh3 12. Bf1 Bd7 13. b4 Na6 14. Qb3 Qb6 15. Be3 Qxb4 16. Bxa6 Qxb3 17. axb3 bxa6 18. Rxa6 Rab8 19. Ra3 Rb4 20. f3 Rfb8 21. Kd2 Rxb3 22. Rxb3 Rxb3 23. Kc2 Rb7 24. Ra1 Ne8 25. Ng2 f5 26. Rxa7 Rxa7 27. Bxa7 1/2-1/2